| 000 | 00951cab a2200265 4500 | ||
|---|---|---|---|
| 001 | ABS53641 | ||
| 008 | 090401t1995 xxu||||| |||| 00| 0 eng d | ||
| 035 | _a(Sirsi) u5544 | ||
| 041 | _aeng | ||
| 100 | _aLizieri, C. | ||
| 245 | _aComment: relevant research and quality research: the researcher`s role in the property market | ||
| 260 | _c1995 | ||
| 350 | _a0 | ||
| 490 |
_aJournal of Property Research _v12(2) September 1995, 167-170(3) |
||
| 520 | _aConsiders research by R Harris and I Cundell into the effects of property researchers tendency to emphasise quantitative rather than qualitative research techniques. | ||
| 650 | _aFORECASTING | ||
| 650 | _aPROPERTY RESEARCH | ||
| 650 | _aQUALITATIVE RESEARCH | ||
| 650 | _aQUANTITATIVE RESEARCH | ||
| 650 | _aRENTAL GROWTH FORECASTS | ||
| 690 | _aPROPERTY-COMMERCIAL PROPERTY | ||
| 690 | _aMANAGEMENT-BUSINESS MANAGEMENT-PROFESSIONAL PRACTICE | ||
| 942 | _n0 | ||
| 948 | _c04/03/1997 | ||
| 999 |
_c3307 _d3307 |
||